00000000cas 2200000zi 4500
0019.853052
003CaOODSP
00520251219104810
006m     o  d f      
007cr cn ||||||||
008180307d19822007oncmr p os   f0   a0eng|d
022 |a2290-8404
040 |aCaOODSP|beng|erda|cCaOODSP
0410 |aeng|afre
043 |an-cn---
0861 |aIu74-6-PDF
222 0|aBankruptcy statistics
24510|aBankruptcy statistics for the month of ... = |bStatistiques de faillite pour le mois de ...
24631|aStatistiques de faillite pour le mois de ...
2461 |aBankruptcy statistics = |bStatistiques de faillites
24631|aStatistiques de faillites
264 1|a[Ottawa] : |bOffice of the Superintendent of Bankruptcy = Bureau du surintendant des faillites, |c[1982?-2007]
310 |aMonthly
336 |atext|btxt|2rdacontent
337 |acomputer|bc|2rdamedia
338 |aonline resource|bcr|2rdacarrier
3621 |aBegan in 1982?; ceased with: December 2007.
500 |aDigitized publication from print (issues for 1983-2003) [produced by Innovation, Science and Economic Development Canada].
500 |aThe order of titles varies on some issues.
546 |aText in English and French.
580 |aSplit into: Insolvency statistics in Canada (Monthly), and: Statistiques sur l'insolvabilité au Canada (Monthly).
588 |aDescription based on: January 1983; title from PDF cover page.
588 |aLatest issue consulted: December 2007.
650 0|aBankruptcy|zCanada|vStatistics|vPeriodicals.
655 7|aPeriodicals|2lcgft
655 7|aStatistics|2lcgft
7101 |aCanada. |bOffice of the Superintendent of Bankruptcy, |eissuing body.
78500|tInsolvency statistics in Canada.|w(CaOODSP)9.507914
788 |tBankruptcy statistics for the month of ... = |efre|w(CaOODSP)9.853054